000 00581nam a22001817a 4500
005 20160413115830.0
008 160413b mx||||| |||| 00| 0 spa d
020 _a9684010168
050 0 4 _aKGF7594.2.A31 1971
_bG37 1978
100 1 _aGarcía Ramírez, Sergio
240 0 0 _aLeyes y códigos
245 1 0 _aLegislación penitenciaria y correccional comentada /
_cSergio García Ramírez.
250 _a1a ed.
260 _aMéxico :
_bCardenas, Editor y Distribuidor,
_c1978
300 _a358 p. ;
_c23 cm.
650 7 _2Lemb
_aPrisión
_xLegislación
_zMéxico
942 _2lcc
_cLIB
999 _c115248
_d115248